000 00523cam a2200217 4500
001 B1185
008 090401t1987 xxu||||| |||| 00| 0 eng d
035 _a(Sirsi) u43055
041 _aeng
050 _a333.337094212
110 _aChesterton Lalonde
_92010
245 _aInvestment in city offices
260 _aLondon
_bChesterton Lalonde
_c1987
300 _a11p. ; 30cm.
350 _a30
650 _aCITY OF LONDON
650 _aLONDON
650 _aPROPERTY INVESTMENT
942 _n0
948 _c04/03/1997
999 _c91240
_d91240